The 2012 Games (Record no. 112797)
[ view plain ]
| 000 -LEADER | |
|---|---|
| fixed length control field | 01227cad a22002175a 4500 |
| 001 - CONTROL NUMBER | |
| control field | L153988 |
| 008 - FIXED-LENGTH DATA ELEMENTS--GENERAL INFORMATION | |
| fixed length control field | 110929s2011 xxk f 000 0 eng d |
| 020 ## - INTERNATIONAL STANDARD BOOK NUMBER | |
| International Standard Book Number | 9781842198315 |
| 035 ## - SYSTEM CONTROL NUMBER | |
| System control number | (Sirsi) u153988 |
| 041 0# - LANGUAGE CODE | |
| Language code of text/sound track or separate title | eng |
| 110 2# - MAIN ENTRY--CORPORATE NAME | |
| Corporate name or jurisdiction name as entry element | Royal Institution of Chartered Surveyors |
| Subordinate unit | Research |
| 9 (RLIN) | 4902 |
| 245 04 - TITLE STATEMENT | |
| Title | The 2012 Games |
| Remainder of title | the regeneration legacy |
| Medium | [electronic resource] |
| 260 ## - PUBLICATION, DISTRIBUTION, ETC. | |
| Place of publication, distribution, etc. | London |
| Name of publisher, distributor, etc. | RICS |
| Date of publication, distribution, etc. | 2011 |
| 520 ## - SUMMARY, ETC. | |
| Summary, etc. | Assesses the planning and delivery of the physical regeneration strategy associated with the 2012 Olympic games. Focuses on projects in East London based on a combination of primary and secondary research involving interviews, individuals representing key organisation in the project and a comprehensive review of academic research and official London 2012 reports. Concludes that admirable efforts have been made to optimise the chances of a positive regeneration legacy from the 2012 Games. |
| 590 ## - LOCAL NOTE (RLIN) | |
| Local note | KA |
| 650 24 - SUBJECT ADDED ENTRY--TOPICAL TERM | |
| Topical term or geographic name entry element | OLYMPIC GAMES 2012 |
| 651 #4 - SUBJECT ADDED ENTRY--GEOGRAPHIC NAME | |
| Geographic name | England and Wales |
| Chronological subdivision | 1543- |
| 690 ## - LOCAL SUBJECT ADDED ENTRY--TOPICAL TERM (OCLC, RLIN) | |
| Topical term or geographic name as entry element | PROPERTY-PROPERTY MANAGEMENT-REGENERATION |
| 856 40 - ELECTRONIC LOCATION AND ACCESS | |
| Uniform Resource Identifier | <a href="https://www.international-seminar.eu/sites/default/files/RICS_regeneration_legacy.pdf">https://www.international-seminar.eu/sites/default/files/RICS_regeneration_legacy.pdf</a> |
| Public note | View the item free of charge at www.rics.org |
| 942 ## - ADDED ENTRY ELEMENTS (KOHA) | |
| Suppress in OPAC | 0 |
| Withdrawn status | Lost status | Source of classification or shelving scheme | Damaged status | Not for loan | Home library | Current library | Shelving location | Date acquired | Total Checkouts | Full call number | Barcode | Date last seen | Copy number | Price effective from | Koha item type |
|---|---|---|---|---|---|---|---|---|---|---|---|---|---|---|---|
| Dewey Decimal Classification | Virtual | Virtual | Online | 29/09/2011 | ONLINE PUBLICATION | 153988-2001 | 06/08/2019 | 1 | 06/08/2019 | Book |